| 000 | 01791nam0a2200325 i 4500 | ||
|---|---|---|---|
| 001 | RU\NLR\BIBL_A\010736515 | ||
| 005 | 20241103082116.0 | ||
| 010 |
_a9785731030786 _950 |
||
| 021 |
_aRU _b2015-15705 _9947 |
||
| 035 | _a(NILC)RuMoRGB-007886549 | ||
| 035 | _a(NLR Aleph) 010736515 | ||
| 090 |
_a9885054 _c9885054 |
||
| 100 | _a20150422d2014 k y0rusy50 ca | ||
| 101 | 0 | _arus | |
| 102 | _aRU | ||
| 105 | _aa z 000yy | ||
| 200 | 1 |
_aАктуальные проблемы социологии _eсборник научных трудов _fМ-во образования и науки Российской Федерации, Федеральное гос. бюджетное образовательное учреждение высш. образования "Санкт-Петербургский гос. экономический ун-т", Каф. социологии и социол. работы, Социол. лаб. _gпод. ред. Р.А. Костина, С.И. Бояркиной |
|
| 210 |
_aСанкт-Петербург _cИзд-во Санкт-Петербургского гос. экономического ун-та _d2014 |
||
| 215 |
_a164 с. _cил. _d20 |
||
| 320 | _aБиблиогр. в конце ст. | ||
| 606 |
_aСоциология _jСборники _9893563 _3RU\NLR\AUTH\663357 |
||
| 686 | 1 | _aС5я43 | |
| 702 | 1 |
_aКостин _bР. А. _gРоман Алексеевич _4340 |
|
| 712 | 0 | 2 |
_4570 _aСанкт-Петербургский государственный экономический университет _bСоциологическая лаборатория _9463273 _3RU\NLR\AUTH\880398265 |
| 801 | 0 |
_aRU _bРГБ _c20150313 _gRCR |
|
| 942 | _cBOOK | ||
| 980 | _aNBR | ||